| 000 | 00687nam a2200241Ia 4500 | ||
|---|---|---|---|
| 003 | OSt | ||
| 005 | 20220918212435.0 | ||
| 006 | a|||||r|||| 00| 0 | ||
| 007 | ta | ||
| 008 | 220917b |||||||| |||| 00| 0 eng d | ||
| 024 | _a128,846 | ||
| 037 | _cTextual | ||
| 040 |
_aARTS _cARTS _beng |
||
| 041 |
_2eng _aeng |
||
| 082 | _aX:322.2, K5 (EX) | ||
| 100 |
_aParks John A _9123805 |
||
| 245 | 0 | _aPrinciples and practice of valuations (land & houses) rev by Bhabani Prasum Chatterjee | |
| 250 | _a3rd ed | ||
| 260 |
_aCalcutta _bEastern Law House _c1965 |
||
| 650 | _aECONOMICS | ||
| 942 |
_hX:322.2, K5 (EX) _cTEXL _2CC |
||
| 999 |
_c251980 _d251980 |
||